Tous les buts de Vitinha en carrière - Statistiques

Statistiques générales
  • Ce quiz a été pris 43 fois
    12 depuis la dernière actualisation
  • Le résultat moyen est 15 sur 38
Statistiques - réponses
Saison Compétiton Club Contre % Correct
24/25 Ligue 1 PSG Nantes
82%
25/26 Ligue 1 PSG Nantes
82%
25/26 LDC PSG Tottenham
82%
25/26 LDC PSG Tottenham
82%
25/26 LDC PSG Tottenham
82%
23/24 LDC PSG Barcelone
73%
23/24 LDC PSG Barcelone
73%
21/22 Taça de Portugal Porto Benfica
73%
22/23 Ligue 1 PSG Lens
73%
24/25 Ligue 1 PSG Lille
73%
23/24 Ligue 1 PSG Rennes
73%
24/25 LDC PSG Brest
64%
24/25 LDC PSG Brest
64%
23/24 Ligue 1 PSG Monaco
64%
24/25 Ligue 1 PSG Monaco
64%
24/25 Ligue 1 PSG Toulouse
64%
23/24 Ligue 1 PSG OM
55%
24/25 CDM des clubs PSG Atletico Madrid
45%
23/24 Ligue 1 PSG Le Havre
45%
23/24 Ligue 1 PSG Metz
45%
23/24 Ligue 1 PSG Montpellier
45%
23/24 Ligue 1 PSG Montpellier
45%
25/26 LDC PSG Bayer Leverkusen
36%
24/25 Ligue 1 PSG OL
36%
22/23 Ligue 1 PSG Troyes
27%
19/20 Liga Portugal 2 Porto Académico Viseu
0%
19/20 Liga Portugal 2 Porto Académico Viseu
0%
21/22 Liga Portugal Porto Arouca
0%
19/20 Liga Portugal 2 Porto Chaves
0%
20/21 FA Cup Wolverhampton Chorley
0%
19/20 Liga Portugal 2 Porto Coimbra
0%
19/20 Liga Portugal 2 Porto Cova Piedade
0%
19/20 Liga Portugal 2 Porto Estoril
0%
19/20 Liga Portugal 2 Porto Leixões
0%
19/20 Youth League Porto Liepaja UYL
0%
19/20 Liga Portugal 2 Porto Nacional
0%
21/22 Liga Portugal Porto Portimonense
0%
21/22 Taça de Portugal Porto Tondela
0%
Aucun quiz correspondant
Distribution des résultats
% des personnes avec chaque résultat
Percentile par nombre de réponses
Votre historique - résultats
Vous n’avez pas pris ce quiz depuis la dernière actualisation